000 00860nam a2200205 a 4500
001 000028085
005 20250204104418.0
008 110406s19uu dr a 000 0 spa d
040 _aDO-SdBNP
_bspa
_cBNPHU
082 _axxx
_bR577n
100 1 _aRímoli, Renato O
_936749
245 1 0 _aNuevas citas para mamíferos precolombinos en la Hispaniola. /
_cRenato O. Rímoli.
260 _aSanto Domingo, :
_bCENDIA,
_c[19--?].
300 _a15 p. :
_bil. ;
_c21 cm.
490 1 _aCuadernos del CENDIA
_v259, No. 5
500 _aInvestigador del Centro Dominicano de Investigaciones Antropologícas (CENDIA) y encargado de la División de Vida Silvestre y Protección Ambiental, Secretaría de Estado de Agricultura.
710 1 _aCentro dominicano de investigaciones antropologícas
_955102
830 0 _aCuadernos del CENDIA
_v259, No. 5
_955103
049 _aBNPD
999 _c27577
_d27577